| 000 | 00545nam a2200145 i 4500 | ||
|---|---|---|---|
| 001 | 24962 | ||
| 003 | ES-MaACL | ||
| 005 | 20230906153153.0 | ||
| 007 | t| | ||
| 008 | 021219s1919 sp ||||1| spa d | ||
| 100 | 1 |
_aAngulo Laguna, Diego. _921789 |
|
| 245 | 1 | 0 |
_aDiscurso leído en la sesión de apertura del curso de 1919-1920 en el Ateneo y Sociedad de Excursiones _b: [intervención del Ateneo en la vida local, el presupuesto ordinario de ingresos] / _cDiego Angulo Laguna. |
| 260 |
_aSevilla : _b[s.n., _c1919] |
||
| 852 |
_aES-MaACL _j1586-F-7 |
||
| 999 |
_c24962 _d24962 |
||